Parental involvement in the spiritual nurture of children among evangelicals in Ngando location, Nairobi County /
Αποθηκεύτηκε σε:
| Κύριος συγγραφέας: | |
|---|---|
| Μορφή: | Βιβλίο |
| Γλώσσα: | Αγγλικά |
| Έκδοση: |
Nairobi :
Daystar University,
2016.
|
| Θέματα: | |
| Ετικέτες: |
Δεν υπάρχουν, Καταχωρήστε ετικέτα πρώτοι!
|
MARC
| LEADER | 00000nam a2200000 4500 | ||
|---|---|---|---|
| 001 | 0000060230 | ||
| 003 | KE-NaDUL | ||
| 005 | 20190826121316.0 | ||
| 008 | 161209s xx 000 0 eng d | ||
| 952 | |0 0 |1 0 |4 0 |6 BV_4571_200000000000000_K4L33_2016 |7 0 |9 76639 |a DUN |b DUN |c AFR |d 2017-09-28 |g 0.00 |l 0 |o THES BV4571.2.K4L33 2016 |p BK0101651 |r 2017-09-28 00:00:00 |w 2017-09-28 |x 101651 |y THES | ||
| 999 | |c 39255 |d 39255 | ||
| 040 | |d EOtanga |c DUL | ||
| 050 | |a BV4571.2 |b .K4L33 | ||
| 100 | |a Labatt, Bably J. |9 7845 | ||
| 245 | |a Parental involvement in the spiritual nurture of children among evangelicals in Ngando location, Nairobi County / |c Bably J. Labatt. | ||
| 260 | |a Nairobi : |b Daystar University, |c 2016. | ||
| 300 | |a xi, 90 p. : |b ill ; |c cm. | ||
| 500 | |a A thesis presented to the School of Human and Social Sciences of Daystar University Nairobi, Kenya in partial fulfilment of the requirements for the degree of Master of Arts in Child Psychology. | ||
| 650 | |a Child rearing |x Religious aspects |x Christianity. |9 7846 | ||
| 650 | |a Children |x Religious life. |9 7847 | ||
| 908 | |a 161209 | ||
| 942 | |c THES |2 lcc | ||